000 00820cab a2200253 4500
001 ABS43340
008 090401t1990 xxu||||| |||| 00| 0 eng d
035 _a(Sirsi) u41390
041 _aeng
100 _aBlanchard, N.
245 4 _aThe rise of project monitoring
260 _c1990
350 _a0
490 _aEstates Gazette
_v(9035) 1 September 1990, 20-21(2)
520 _aDiscusses the growing use of project monitoring in the construction of commercial buildings and the important role that building surveyors are playing in this service.
650 _aBUILDING PROCESS
650 _aCONSTRUCTION MANAGEMENT
_96230
650 _aOFFICES
650 _aRETAIL
690 _aPROPERTY-RESIDENTIAL PROPERTY-RESIDENTIAL PROPERTY MARKET
700 _aHarnett, A.
942 _n0
948 _c04/03/1997
999 _c26606
_d26606